[Event "CalChess-ch"]
[Site "Monterey Park"]
[Date "2002.04.06"]
[Round "1"]
[White "Wann, Amy"]
[Black "Merrie, Tommy"]
[Result "1-0"]
[WhiteElo "1016"]
[BlackElo "569"]
[PlyCount "59"]
[EventDate "2002.??.??"]
[EventType "swiss"]
[EventRounds "6"]
[EventCountry "USA"]
[SourceTitle "EXT 2007"]
[Source "ChessBase"]
[SourceDate "2006.11.23"]
[SourceVersion "1"]
[SourceVersionDate "2006.11.23"]
[SourceQuality "1"]

1. e4 e5 2. d4 f6 3. Bc4 Bd6 4. Nf3 Qe7 5. 0-0 Nc6 6. d5 Na5 7. Bd3 c6 8. Bd2 Bc7 9. Re1 Nh6 10. b4 Qd8 11. bxa5 Bxa5 12. Bxa5 Qxa5 13. Re3 cxd5 14. exd5 Qxd5 15. Bg6+ Qf7 16. Bxf7+ Nxf7 17. Nc3 0-0 18. Nh4 d6 19. Nd5 Nh6 20. Rg3 Rf7 21. Qd2 Nf5 22. Nxf5 Bxf5 23. Re1 Rc8 24. Ree3 Rxc2 25. Qe1 Rf8 26. h3 Rfc8 27. Qb4 Rxa2 28. Qxb7 Rc1+ 29. Kh2 Raa1 30. Qxg7# 1-0